LEADER 02444oas 2200889 a 450 001 9910229329903321 005 20251105213014.0 011 $a1871-0328 035 $a(DE-599)2254876-2 035 $a(OCoLC)77078997 035 $a(CONSER) 2007242019 035 $a(CKB)1000000000222707 035 $a(EXLCZ)991000000000222707 100 $a20061219a20069999 sy a 101 0 $aeng 135 $aurmn||||||||| 181 $ctxt$2rdacontent 182 $cc$2rdamedia 183 $acr$2rdacarrier 200 10$aReligion and human rights 210 $aLeiden $cMartinus Nijhoff Publishers 210 3 $aLeiden $cBrill/Nijhoff 215 $a1 online resource 300 $aRefereed/Peer-reviewed 311 08$a1871-031X 517 3 $aRHR 517 3 $aReligion & human rights 606 $aHuman rights$xReligious aspects$vPeriodicals 606 $aFreedom of religion$vPeriodicals 606 $aDroits de l'homme (Droit international)$xAspect religieux$vPe?riodiques 606 $aLiberte? religieuse$vPe?riodiques 606 $aPublications pe?riodiques$2eclas 606 $aDroits de l'homme$2eclas 606 $aLiberte? religieuse$2eclas 606 $aFreedom of religion$2fast$3(OCoLC)fst00934030 606 $aHuman rights$xReligious aspects$2fast$3(OCoLC)fst00963311 608 $aPeriodicals.$2fast 608 $aPeriodicals.$2lcgft 615 0$aHuman rights$xReligious aspects 615 0$aFreedom of religion 615 6$aDroits de l'homme (Droit international)$xAspect religieux 615 6$aLiberte? religieuse 615 7$aPublications pe?riodiques. 615 7$aDroits de l'homme. 615 7$aLiberte? religieuse. 615 7$aFreedom of religion. 615 7$aHuman rights$xReligious aspects. 676 $a341.48 801 0$bOCLCS 801 1$bOCLCS 801 2$bOCLCS 801 2$bMYG 801 2$bOCL 801 2$bMUQ 801 2$bOCLCQ 801 2$bWAU 801 2$bEMI 801 2$bOCLCQ 801 2$bCOO 801 2$bBEDGE 801 2$bEUW 801 2$bOCLCF 801 2$bOCLCQ 801 2$bBUF 801 2$bVT2 801 2$bOCLCQ 801 2$bBWN 801 2$bDLC 801 2$bUBY 801 2$bU3W 801 2$bOCLCQ 801 2$bOCLCL 801 2$bOCLCQ 906 $aJOURNAL 912 $a9910229329903321 996 $aReligion and human rights$91947145 997 $aUNINA